| 000 | 00863nam a22002657a 4500 | ||
|---|---|---|---|
| 001 | 4070 | ||
| 003 | FISKH | ||
| 005 | 20240605121701.0 | ||
| 008 | 240605b cb ||||| |||| 00| 0 eng d | ||
| 020 | _a9780141377360 | ||
| 040 |
_aFISKH _beng _cFISKH _dFISKH |
||
| 050 | _aPZ7.R4265 | ||
| 082 | _a823.914 | ||
| 100 |
_aRidley Philip _d1964- |
||
| 245 |
_aKrindlekrax / _cPhilip Ridley |
||
| 260 |
_aLondon : _bPuffin Books, _c2017 |
||
| 300 |
_a213 pages : _c21 cm |
||
| 505 | _aM | ||
| 520 | _aAlthough he is very thin with frizzy hair and thick glasses, nine-year-old Ruskin believes he is born to be a hero and sets out to prove it by delivering his beloved Lizard Street from the menace of Krindlekrax. | ||
| 521 | 8 |
_a640
_bLexile |
|
| 521 | 8 |
_aM
_bRaz-Plus |
|
| 700 | _aPhilip Ridley | ||
| 942 |
_2ddc _cBK _n0 |
||
| 999 |
_c4070 _d4070 |
||